| 000 | 01064cab a2200265 4500 | ||
|---|---|---|---|
| 001 | ABS48329 | ||
| 008 | 090401t1993 xxu||||| |||| 00| 0 eng d | ||
| 035 | _a(Sirsi) u66212 | ||
| 041 | _aeng | ||
| 100 | _aPawlowski, M. | ||
| 245 | _aRelief against forfeiture of instalments | ||
| 260 | _c1993 | ||
| 350 | _a0 | ||
| 490 |
_aEstates Gazette _v(9312) 27 March 1993, 122-124(3) |
||
| 520 | _aThe second of two articles dealing with the subject of relief from forfeiture (Abs47678). This article examines the current scope of equity`s jurisdiction to relieve a purchaser of land, in default under an instalment purchase contract, from forfeiture of installments already paid to the vendor in part payment of the purchase price. Looks at the American and Australian approaches to this problem. | ||
| 650 | _aAUSTRALIA | ||
| 650 | _aCASE LAW | ||
| 650 | _aINSTALLMENT PURCHASE CONTRACT | ||
| 650 | _aRELIEF FROM FORFEITURE | ||
| 650 | _aRELIEF IN EQUITY | ||
| 650 | _aUSE | ||
| 690 | _aPROPERTY LAW AND PRACTICE | ||
| 942 | _n0 | ||
| 948 | _c04/03/1997 | ||
| 999 |
_c41394 _d41394 |
||